000 00382nam a22001457a 4500
020 _qHB.
040 _cFIZZA ISHAQ
082 _a620
_bSIN
100 _a Singer , Ferdinand L.
_9134372
245 _aStrength of materials /
_c Ferdinand L. Singer.
250 _a2nd ED.
260 _aNew York:
_b Harper & Row,
_c 1951.
300 _a590 P. : : ill. ;
_c24 cm
942 _2ddc
_cBK
999 _c617350
_d617350